Návrh opatrení na zlepšenie využívania podnikových informačných systémov v podniku Porsche Inter Auto Slovakia, s.r.o.

Enregistré dans:
Détails bibliographiques
Auteur principal: Vozník, Jozef (Auteur)
Autres auteurs: Šujanová, Jana (Directeur de thèse)
Format: Manuscrit Livre
Langue:slovaque
Publié: 2015
Sujets:
Accès en ligne:http://is.stuba.sk/zp/portal_zp.pl?podrobnosti=101978
Tags: Ajouter un tag
Pas de tags, Soyez le premier à ajouter un tag!

MARC

LEADER 00000ntm a22000003a 4500
001 stuzp38695
003 SK-STU
005 20160719153009.1
007 ta
008 150427s2015----xo-----f-mn---000-0-slo-d
040 |a STU  |b slo 
041 0 |a slo 
100 1 |a Vozník, Jozef  |u 064000  |4 aut  |U MTF Materiálovotechnologická fakulta  |T MTF Ústav priemyselného inžinierstva a manažmentu  |X 37375  |U M4000  |Y 84  |7 37375 
242 0 1 |a The proposal of actions for the improvement of the business information systems in Porsche Inter Auto Slovakia, s.r.o.  |y eng 
245 1 0 |a Návrh opatrení na zlepšenie využívania podnikových informačných systémov v podniku Porsche Inter Auto Slovakia, s.r.o. 
260 |c 2015 
650 4 |a podnikový informačný systém  |2 slo 
650 4 |a informácie  |2 slo 
650 4 |a dáta  |2 slo 
650 4 |a business information system  |2 eng 
650 4 |a informations  |2 eng 
650 4 |a data  |2 eng 
700 1 |a Šujanová, Jana  |4 ths  |X 2306  |7 A000002306 
856 4 |u http://is.stuba.sk/zp/portal_zp.pl?podrobnosti=101978 
996 |c M* BP-7314  |l MMSKP  |s P  |a 0  |w stuzp38695_0001 
SQL |a stuzp38695  |b DBP  |c SLO  |d Návrh opatrení na zlepšenie využívania podnikových informačných systémov v podniku Porsche Inter Auto Slovakia, s.r.o.  |e 37375  |f Vozník, Jozef  |g 064000  |h 2306  |i Šujanová, Jana  |j 20150625  |k 175  |l 06  |m http://is.stuba.sk/zp/portal_zp.pl?podrobnosti=101978  |n B-PMA  |o 5.2.52. priemyselné inžinierstvo